Afghanistan, Pakistan and strategic change : (Record no. 3458)

000 -LEADER
fixed length control field 05189cam a2200709 i 4500
001 - CONTROL NUMBER
control field 10653006
003 - CONTROL NUMBER IDENTIFIER
control field OSt
005 - DATE AND TIME OF LATEST TRANSACTION
control field 20180117090006.0
008 - FIXED-LENGTH DATA ELEMENTS--GENERAL INFORMATION
fixed length control field 130815s2014 enk b 001 0 eng
010 ## - LIBRARY OF CONGRESS CONTROL NUMBER
LC control number 2013021806
020 ## - INTERNATIONAL STANDARD BOOK NUMBER
International Standard Book Number 9780415856560 (hardback)
020 ## - INTERNATIONAL STANDARD BOOK NUMBER
International Standard Book Number 0415856566 (hardback)
020 ## - INTERNATIONAL STANDARD BOOK NUMBER
Canceled/invalid ISBN 9781315889733 (e-book)
024 ## - OTHER STANDARD IDENTIFIER
Standard number or code 40023251741
035 ## - SYSTEM CONTROL NUMBER
System control number (OCoLC)839397134
Canceled/invalid control number (OCoLC)839388671
035 ## - SYSTEM CONTROL NUMBER
System control number (OCoLC)ocn839397134
035 ## - SYSTEM CONTROL NUMBER
System control number (NNC)10653006
040 ## - CATALOGING SOURCE
Original cataloging agency DLC
Description conventions rda
Language of cataloging eng
Transcribing agency DLC
Modifying agency YDX
-- BTCTA
-- OCLCO
-- UKMGB
-- YDXCP
-- NBU
-- OCLCF
042 ## - AUTHENTICATION CODE
Authentication code pcc
043 ## - GEOGRAPHIC AREA CODE
Geographic area code a-af---
-- a-pk---
050 00 - LIBRARY OF CONGRESS CALL NUMBER
Classification number DS371.4
Item number .A38415 2014
082 00 - DEWEY DECIMAL CLASSIFICATION NUMBER
Classification number 958.104/7
Edition number 23
084 ## - OTHER CLASSIFICATION NUMBER
Classification number HIS027000
-- HIS050000
-- POL012000
Number source bisacsh
245 00 - TITLE STATEMENT
Title Afghanistan, Pakistan and strategic change :
Remainder of title adjusting western regional policy /
Statement of responsibility, etc. edited by Joachim Krause and Charles King Mallory, IV.
260 ## - PUBLICATION, DISTRIBUTION, ETC.
Place of publication, distribution, etc. London
Name of publisher, distributor, etc. Routledge
Date of publication, distribution, etc. 2014
300 ## - PHYSICAL DESCRIPTION
Extent x, 336 pages ;
Dimensions 24 cm.
490 1# - SERIES STATEMENT
Series statement Asian security studies
504 ## - BIBLIOGRAPHY, ETC. NOTE
Bibliography, etc. note Includes bibliographical references and index.
505 0# - FORMATTED CONTENTS NOTE
Formatted contents note Adjusting western strategy towards Afghanistan and Pakistan / Joachim Krause and Charles King Mallory, IV -- Not too little, but too late : ISAF's strategic restart of 2010 in light of the coalition's previous mistakes / Robin Schroeder -- Prospects for transition in Afghanistan / Anthony Cordesman ; with the assistance of Ashley Hess -- Launching an Afghan peace process / James Dobbins -- Afghanistan between democratization and civil war : post-2014 scenarios / Thomas Ruttig -- Militant Islam in South Asia : past trajectories and present implications / Ryan Brasher and Sumit Ganguly -- U.S.-Pakistan relations : ten years after 9/11 / C. Christine Fair -- Transition in the Afghanistan-Pakistan War and the uncertain role of the great powers / Anthony Cordesman ; with the assistance of Ashley Hess -- The NATO drawdown : implications for Afghanistan and Pakistan / Keith Crane and Victoria Greenfield -- Internal and regional preconditions and assumptions for peace in Afghanistan / Shahrbanou Tadjbakhsh.
520 ## - SUMMARY, ETC.
Summary, etc. "This book analyses the nature of the current strategic changes in the Afghanistan-Pakistan (Af/Pak) region. The region encompassing Afghanistan and Pakistan is undergoing a fundamental strategic change. As the international Afghanistan conferences have demonstrated, the international community - which is a US-led coalition of the willing - will withdraw its combat troops from Afghanistan by the end of 2014. This withdrawal of troops, as well as the offer of economic aid and negotiations to the Taliban, aims to transfer the responsibility of the future of Afghanistan to the Afghans themselves and to their regional neighbours. This edited volume analyses the nature of this strategic change in order to seek possible future scenarios and to examine policy options. Bringing together contributions from leading academics in the field, the book is centred around three key questions: what has gone wrong in the past with regard to Afghanistan and what strategic adjustments are needed? Is Pakistan a strategic ally of the West, or has Pakistan become a strategic problem? What are the possible future scenarios and policy options and what does strategic readjustment really mean? This book will be of much interest to students of Central and South Asian politics, strategic studies, foreign policy and security studies generally"--
611 27 - SUBJECT ADDED ENTRY--MEETING NAME
Meeting name or jurisdiction name as entry element Afghan War (2001-)
Source of heading or term fast
9 (RLIN) 2008
650 #0 - SUBJECT ADDED ENTRY--TOPICAL TERM
Topical term or geographic name entry element Strategic culture
Geographic subdivision Afghanistan.
9 (RLIN) 2009
650 #0 - SUBJECT ADDED ENTRY--TOPICAL TERM
Topical term or geographic name entry element Strategic culture
Geographic subdivision Pakistan.
9 (RLIN) 2010
650 #0 - SUBJECT ADDED ENTRY--TOPICAL TERM
Topical term or geographic name entry element Afghan War, 2001-
General subdivision Peace.
9 (RLIN) 2011
650 #0 - SUBJECT ADDED ENTRY--TOPICAL TERM
Topical term or geographic name entry element Peace-building
Geographic subdivision Afghanistan.
9 (RLIN) 2012
650 #0 - SUBJECT ADDED ENTRY--TOPICAL TERM
Topical term or geographic name entry element Nation-building
Geographic subdivision Afghanistan.
9 (RLIN) 2013
650 #7 - SUBJECT ADDED ENTRY--TOPICAL TERM
Topical term or geographic name entry element HISTORY / Military / General.
Source of heading or term bisacsh
9 (RLIN) 2014
650 #7 - SUBJECT ADDED ENTRY--TOPICAL TERM
Topical term or geographic name entry element HISTORY / Asia / Central Asia.
Source of heading or term bisacsh
9 (RLIN) 2015
650 #7 - SUBJECT ADDED ENTRY--TOPICAL TERM
Topical term or geographic name entry element POLITICAL SCIENCE / Political Freedom & Security / International Security.
Source of heading or term bisacsh
9 (RLIN) 2016
650 #7 - SUBJECT ADDED ENTRY--TOPICAL TERM
Topical term or geographic name entry element International relations.
Source of heading or term fast
9 (RLIN) 521
650 #7 - SUBJECT ADDED ENTRY--TOPICAL TERM
Topical term or geographic name entry element Nation-building.
Source of heading or term fast
9 (RLIN) 2017
650 #7 - SUBJECT ADDED ENTRY--TOPICAL TERM
Topical term or geographic name entry element Peace.
Source of heading or term fast
9 (RLIN) 2018
650 #7 - SUBJECT ADDED ENTRY--TOPICAL TERM
Topical term or geographic name entry element Peace-building.
Source of heading or term fast
9 (RLIN) 2019
650 #7 - SUBJECT ADDED ENTRY--TOPICAL TERM
Topical term or geographic name entry element Strategic aspects of individual places.
Source of heading or term fast
9 (RLIN) 2020
650 #7 - SUBJECT ADDED ENTRY--TOPICAL TERM
Topical term or geographic name entry element Strategic culture.
Source of heading or term fast
9 (RLIN) 2021
651 #0 - SUBJECT ADDED ENTRY--GEOGRAPHIC NAME
Geographic name Afghanistan
General subdivision Strategic aspects.
9 (RLIN) 2022
651 #0 - SUBJECT ADDED ENTRY--GEOGRAPHIC NAME
Geographic name Pakistan
General subdivision Strategic aspects.
9 (RLIN) 2023
651 #0 - SUBJECT ADDED ENTRY--GEOGRAPHIC NAME
Geographic name Afghanistan
General subdivision Foreign relations
Geographic subdivision Western countries.
9 (RLIN) 2024
651 #0 - SUBJECT ADDED ENTRY--GEOGRAPHIC NAME
Geographic name Western countries
General subdivision Foreign relations
Geographic subdivision Afghanistan.
9 (RLIN) 2025
651 #0 - SUBJECT ADDED ENTRY--GEOGRAPHIC NAME
Geographic name Pakistan
General subdivision Foreign relations
Geographic subdivision Western countries.
9 (RLIN) 2026
651 #0 - SUBJECT ADDED ENTRY--GEOGRAPHIC NAME
Geographic name Western countries
General subdivision Foreign relations
Geographic subdivision Pakistan.
9 (RLIN) 2027
651 #7 - SUBJECT ADDED ENTRY--GEOGRAPHIC NAME
Geographic name Afghanistan.
Source of heading or term fast
9 (RLIN) 2028
651 #7 - SUBJECT ADDED ENTRY--GEOGRAPHIC NAME
Geographic name Pakistan.
Source of heading or term fast
9 (RLIN) 2029
651 #7 - SUBJECT ADDED ENTRY--GEOGRAPHIC NAME
Geographic name Western countries.
Source of heading or term fast
9 (RLIN) 2030
700 1# - ADDED ENTRY--PERSONAL NAME
Personal name Krause, Joachim,
Dates associated with a name 1951-,
Relator term author,
-- editor.
9 (RLIN) 2031
700 1# - ADDED ENTRY--PERSONAL NAME
Personal name Mallory, Charles K.,
Relator term author,
-- editor.
9 (RLIN) 2032
830 #0 - SERIES ADDED ENTRY--UNIFORM TITLE
Uniform title Asian security studies.
9 (RLIN) 2033
942 ## - ADDED ENTRY ELEMENTS (KOHA)
Source of classification or shelving scheme
Koha item type Book
948 1# - LOCAL PROCESSING INFORMATION (OCLC); SERIES PART DESIGNATOR (RLIN)
Series part designator, SPT (RLIN) 20140304
b (OCLC) c
c (OCLC) sl13
d (OCLC) MPS
Holdings
Withdrawn status Lost status Source of classification or shelving scheme Damaged status Not for loan Collection code Permanent Location Current Location Shelving location Date acquired Total Checkouts Full call number Barcode Date last seen Date last checked out Price effective from Koha item type
            Central Library (CL) Central Library (CL) General Stacks 06/24/2016 3 958.104/7 AFG S3H-S-789 08/23/2019 07/26/2019 06/24/2016 Book
© 2023 Central Library, National University of Sciences and Technology. All Rights Reserved.